| 000 | 03684naa a2200457 4500 | ||
|---|---|---|---|
| 005 | 20090613154219.0 | ||
| 008 | 080827t xxu||||| |||| 00| 0 eng d | ||
| 010 | _aENG-93980 | ||
| 020 |
_a8126023619 _c100.00 |
||
| 035 | _aEN-77513 | ||
| 035 | _aB-365508-519 | ||
| 037 | _bDBAD / PUB | ||
| 037 | _bNorth India Publishers & Distributors | ||
| 040 |
_adpl _bEnglish |
||
| 082 | _aN | ||
| 100 | _aThilakavathi | ||
| 245 |
_aBrick and sweet _cOriginal novel in Tamil by Thilakavathi; english translation by K.S. Subramanian |
||
| 246 | _aKal maram | ||
| 260 |
_aNew Delhi _bSahitya Akademi _c2007 |
||
| 270 |
_aRabindra Bhavan, 35, Ferozeshah Road, _bNew Delhi _e110 001 |
||
| 300 |
_a164p. _c20cm(Hb) |
||
| 500 | _aIncludes glossary | ||
| 500 | _aSahitya Akademi award winning Tamil novel Kal Maram | ||
| 650 |
_aTamil fiction _vTranslation into English |
||
| 700 | _aSubramanian, K.S. | ||
| 942 |
_adpl _cEN _2ddc _mBRI _hN |
||
| 999 |
_c27433 _d27433 |
||